BIBLIOTECA

SENCICO

Interpretación de planos / (Registro nro. 4093)

Detalles MARC
000 -LEADER
fixed length control field 00777nam a22002657a 4500
003 - CONTROL NUMBER IDENTIFIER
control field PE SENCICO BE
005 - DATE AND TIME OF LATEST TRANSACTION
control field 20251020182634.0
008 - FIXED-LENGTH DATA ELEMENTS--GENERAL INFORMATION
fixed length control field 230405b |||||||| |||| 00| 0 eng d
020 ## - INTERNATIONAL STANDARD BOOK NUMBER
International Standard Book Number 84-329-2618-3
040 ## - CATALOGING SOURCE
Original cataloging agency PE SENCICO BE
Transcribing agency PE SENCICO BE
041 ## - LANGUAGE CODE
Language code of text/sound track or separate title spa
082 ## - DEWEY DECIMAL CLASSIFICATION NUMBER
Classification number 720.222
Item number G7
110 1# - MAIN ENTRY--CORPORATE NAME
9 (RLIN) 872
Corporate name or jurisdiction name as entry element Grupo Ceac
245 1# - TITLE STATEMENT
Title Interpretación de planos /
Statement of responsibility, etc. Grupo Ceac
250 ## - EDITION STATEMENT
Edition statement [1a ed.]
260 ## - PUBLICATION, DISTRIBUTION, ETC.
Place of publication, distribution, etc. Barcelona :
Name of publisher, distributor, etc. Ediciones Ceac,
Date of publication, distribution, etc. sin año
300 ## - PHYSICAL DESCRIPTION
Extent 311 p. :
Other physical details il., diagrs.,
Dimensions 27 cm.
440 ## - SERIES STATEMENT/ADDED ENTRY--TITLE
9 (RLIN) 875
Title Nueva enciclopedia del encargado de obras
650 14 - SUBJECT ADDED ENTRY--TOPICAL TERM
9 (RLIN) 615
Topical term or geographic name entry element Planos
650 24 - SUBJECT ADDED ENTRY--TOPICAL TERM
9 (RLIN) 873
Topical term or geographic name entry element Lectura de planos
650 24 - SUBJECT ADDED ENTRY--TOPICAL TERM
9 (RLIN) 874
Topical term or geographic name entry element Proyecciones e isometrías
650 24 - SUBJECT ADDED ENTRY--TOPICAL TERM
9 (RLIN) 428
Topical term or geographic name entry element Dibujo arquitectónico
910 ## - USER-OPTION DATA (OCLC)
-- hfp
-- hfp
942 ## - ADDED ENTRY ELEMENTS (KOHA)
Source of classification or shelving scheme Dewey Decimal Classification
Koha item type Libros
Existencias
Fecha de la última vez que lo usaron Número de ingreso o de inventario Pago total Signatura topográfica completa Precio efectivo desde Tipo de documento Estado perdido Sistema de clasificación Estado dañado No es para préstamo Retirado Ubicación permanente Ubicación actual Fecha de adquisición
05/04/2023 13205   720.222/G7 05/04/2023 Libros   Dewey Decimal Classification       Biblioteca Central Lima Biblioteca Central Lima 05/04/2023